Ley de Divorcio. Las razones de un no.
Gardado en:
| Autor Principal: | |
|---|---|
| Formato: | Libro |
| Idioma: | inglés |
| Publicado: |
Santiago, Chile:
Universidad de los Andes; Facultad de Derecho,
2001.
|
| Series: | Estudios de Derecho Actual,
1. |
| Subjects: | |
| Tags: |
Engadir etiqueta
Sen Etiquetas, Sexa o primeiro en etiquetar este rexistro!
|
MARC
| LEADER | 00000nam a22000007a 4500 | ||
|---|---|---|---|
| 003 | CL-VaPUC | ||
| 005 | 20220822114435.0 | ||
| 008 | 220317t2001 ||||| |||| 00| 0 eng d | ||
| 999 | |c 434925 |d 434923 | ||
| 020 | |a 956-7160-19-8 | ||
| 022 | |a 01717-6678 | ||
| 040 | |c Pontificia Universidad Católica de Valparaíso | ||
| 082 | 7 | |a 346.0166 COR 2001 |2 22 | |
| 100 | |a Corral Talciani, Hernán Felipe |e autor |9 555485 | ||
| 245 | |a Ley de Divorcio. |b Las razones de un no. | ||
| 260 | |a Santiago, Chile: |b Universidad de los Andes; |b Facultad de Derecho, |c 2001. | ||
| 300 | |a 212 páginas. | ||
| 490 | |a Estudios de Derecho Actual, |v 1. | ||
| 500 | |a c.1 Donación Familia Prof. Alejandro Guzmán Brito. | ||
| 583 | |c 20220317 |k Yessy Stephany Diaz Vidal | ||
| 650 | |a Divorcio |x Derecho y legislación |z Chile |9 869834 | ||
| 650 | |a Derecho de familia |z Chile |9 868790 | ||
| 942 | |2 ddc |c BK |n 0 | ||
| 952 | |0 0 |1 0 |2 ddc |4 0 |6 346_016600000000000_COR_2001 |7 0 |8 C_AGB |9 581924 |a BIBDER |b BIBDER |d 2022-03-17 |e Donación |i 5650168 |o 346.0166 COR 2001 |p 5650168 |r 2023-01-25 |t 1 |w 2022-03-17 |y BK_US |k AGB | ||